Score 0/20 Timer 03:00
1 Play Today
# Anchor % Correct
8Barbara Walters
87.3%
2Katie Couric
86.8%
20Walter Cronkite
73.5%
13Dan Rather
71%
11Connie Chung
70.1%
6Tom Brokaw
68.2%
18Diane Sawyer
67.1%
16Brian Williams
63.9%
14Peter Jennings
61.9%
1Edward R. Murrow
48.6%
# Anchor % Correct
9Charles Gibson
40.8%
17David Brinkley
31.6%
5Chet Huntley
23.8%
3Harry Reasoner
21.8%
15Bob Schieffer
18.4%
19Elizabeth Vargas
15.5%
12Roger Mudd
15.2%
10John Chancellor
12.4%
4Bob Woodruff
10.1%
7Max Robinson
7.4%

You're not logged in!

Compare scores with friends on all Sporcle quizzes.
OR
Log In

Sporcle TV

Today on Sporcle TV


Watch our educational content, quiz creation guides, and fun videos on Sporcle TV.

Show Comments

Extras

Top Quizzes Today


Score Distribution

Paid Content

Your Account Isn't Verified!

In order to create a playlist on Sporcle, you need to verify the email address you used during registration. Go to your Sporcle Settings to finish the process.

Report this User

Report this user for behavior that violates our Community Guidelines.

Details: